|
|
|
|
| LEADER |
03552nam a2200457 a 4500 |
| 001 |
36586 |
| 003 |
BD-DhAAL |
| 005 |
20211123111919.0 |
| 008 |
191112t2007 ctua be 001 0 eng d |
| 999 |
|
|
|c 41759
|d 41759
|
| 010 |
|
|
|a 2006010852
|
| 020 |
|
|
|a 0313331162 (set : alk. paper)
|
| 020 |
|
|
|a 9780313331169 (set : alk. paper)
|
| 020 |
|
|
|a 0313331189 (v. 2 : alk. paper)
|
| 020 |
|
|
|a 9780313331183 (v. 2 : alk. paper)
|
| 035 |
|
|
|a (OCoLC)ocm66463504
|
| 040 |
|
|
|a DLC
|c DLC
|d BAKER
|d C#P
|d BTCTA
|d YDXCP
|d PGC
|d VP@
|d DLC
|d BD-DhAAL
|
| 043 |
|
|
|a n-us---
|a e-uk---
|
| 050 |
0 |
0 |
|a PR2880.A1
|b S59 2007
|
| 082 |
0 |
0 |
|a 822.33
|2 22
|
| 245 |
0 |
0 |
|a Shakespeares after Shakespeare :
|b an encyclopedia of the Bard in mass media and popular culture /
|c edited by Richard Burt.
|
| 246 |
|
|
|a Shakespeares after Shakespeare
|
| 260 |
|
|
|a Westport, Conn. :
|b Greenwood Press,
|c c2007.
|
| 300 |
|
|
|a viii, 862 pages :
|b illustrations ;
|c 29 cm.
|
| 362 |
|
|
|a Vol. 2
|
| 504 |
|
|
|a Includes bibliographical references (pages [823]-831) and index.
|
| 505 |
0 |
|
|a INTRODUCTION. Shakespeare, more or less? From Shakespeareccentricity to Shakespearecentricity and back / Richard Burt -- CARTOONS AND COMIC BOOKS. Shakespeare stripped : the bard (un)bound in comics / Richard Burt -- Entries play by play / Michael P. Jensen -- FILM ADAPTATIONS. What is a film adaptation? or, Shakespeare du jour ; Entries play by play / Courtney Lehmann -- FILM SPIN-OFFS AND CITATIONS. On the virtues of illegitimacy : free Shakespeare on film / Douglas Lanier -- Entries play by play / Douglas Lanier -- POP MUSIC. Shakespeare in popular music ; Entries play by play / Wes Folkerth -- LITERATURE AND GENRE FICTION. Fictions of Shakespeare and literary culture / Annalisa Castaldo ; Entries play by play / Annalisa Castaldo -- RADIO. Shakespeare on radio / Douglas Lanier -- Entries play by play / Michael P. Jensen -- U.S. TELEVISION. Televising Shakespeare / Richard Burt -- Tracking Shakespeare with TiVo / Ellen Joy Letostak -- Entries play by play / Richard Burt -- U.K. TELEVISION. 'True to you in my fashion' : Shakespeare on British Broadcast Television / Susanne Greenhalgh ; Entries play by play / Susanne Greenhalgh -- THEATER. Dramatic Shakespeare : stars, stages, spin-offs ; Entries play by play / Amy Scott-Douglass -- APPENDICES. Shakespeare in Japanese comics : entries play by play / Minami Ryuta -- Shakespeare in Italian television : entries play by play / Fabio Ciaramaglia -- Web resources for Shakespeare companies and festivals / Amy Scott-Douglass.
|
| 526 |
|
|
|a ENH
|
| 541 |
|
|
|a Book Finder International
|e 36586
|
| 600 |
1 |
0 |
|a Shakespeare, William,
|d 1564-1616
|x Adaptations
|v Encyclopedias.
|9 36981
|
| 600 |
1 |
0 |
|a Shakespeare, William,
|d 1564-1616
|x Film adaptations
|v Encyclopedias.
|9 36982
|
| 600 |
1 |
0 |
|a Shakespeare, William,
|d 1564-1616
|x Television adaptations
|v Encyclopedias.
|9 36983
|
| 600 |
1 |
0 |
|a Shakespeare, William,
|d 1564-1616
|x Stage history
|v Encyclopedias.
|9 36984
|
| 600 |
1 |
0 |
|a Shakespeare, William,
|d 1564-1616
|x Influence
|v Encyclopedias.
|9 36985
|
| 650 |
|
0 |
|a Popular culture
|z United States
|x History
|y 20th century.
|9 36986
|
| 650 |
|
0 |
|a Popular culture
|z Great Britain
|x History
|y 20th century.
|9 36987
|
| 650 |
|
0 |
|a English literature.
|9 43009
|
| 700 |
1 |
|
|a Burt, Richard,
|d 1954-
|9 36988
|
| 852 |
|
|
|a Ayesha Abed Library
|c General Stacks
|
| 942 |
|
|
|2 ddc
|c BK
|
| 952 |
|
|
|0 0
|1 0
|2 ddc
|4 0
|6 822_330000000000000_SHA
|7 0
|9 67023
|a BRACUL
|b BRACUL
|c GEN
|d 2019-11-05
|e Book Finder International
|g 8811.92
|l 0
|o 822.33 SHA
|p 3010036586
|r 2019-11-05
|t 1
|v 8811.92
|w 2019-11-05
|y BK
|